Michael Du
Waterloo A
Categories
Science - Physics | 0 | 3 | 0 | 1 | 30 | 99 | 114.00 | 1 | 3 |
Beliefs | 1 | 1 | 0 | 0 | 25 | 46 | 69.00 | 0 | 2 |
0 | 2 | 0 | 1 | 20 | 88 | 97.50 | 1 | 2 | |
Fine Arts - Auditory Fine Arts | 0 | 2 | 0 | 0 | 20 | 77 | 103.50 | 0 | 2 |
Science - Chemistry | 0 | 2 | 1 | 0 | 15 | 114 | 115.00 | 0 | 2 |
History - European History | 0 | 1 | 0 | 1 | 10 | 114 | 114.00 | 0 | 1 |
Chemistry> | 0 | 1 | 0 | 0 | 10 | 119 | 119.00 | 1 | 1 |
Other Science: Math | 0 | 1 | 0 | 1 | 10 | 151 | 151.00 | 0 | 1 |
Science - Biology | 0 | 1 | 0 | 1 | 10 | 143 | 143.00 | 0 | 1 |
Current Events | 0 | 1 | 0 | 0 | 10 | 84 | 84.00 | 0 | 1 |
History - World History | 1 | 0 | 2 | 0 | 5 | 19 | 19.00 | 1 | 1 |
Social Science | 0 | 1 | 1 | 1 | 5 | 135 | 135.00 | 1 | 1 |
Other Science: Earth Science | 0 | 1 | 2 | 0 | 0 | 134 | 134.00 | 1 | 1 |
History - American History | 0 | 0 | 2 | 0 | -10 | 0.00 | 0 | 0 |